[Event "HCL-A2621"]
[Site "www.playchess.de"]
[Date "2006.02.22"]
[Round "5"]
[White "PhilipKaveny"]
[Black "gridguy"]
[WhiteElo "1324"]
[BlackElo "1577"]
[PlyCount "41"]
[Result "1-0"]

1.e4 c5 {Hello from Seattle ... good luck!}  2.d4 
cxd4 3.c3 dxc3 4.Bc4 cxb2 5.Bxb2 e6 6.Nf3 Nc6 
7.O-O Nf6 8.Nc3 d6 9.Nd4 Nxd4 10.Qxd4 Be7 11.h3 
O-O 12.Rac1 a6 13.Ne2 e5 14.Qd3 b5 15.Bd5 Ra7 
16.f4 Nxd5 17.exd5 exf4 18.Nxf4 Bf6 19.Bxf6 {God 
has delivered my enemy unto me. Or perhaps I have 
you right where you want me}  Qd7 {Yikes! I hate 
it when God delivers me unto my enemy.}  20.Qg3 
{She usually delivers me to them UPS}  g6 {or over 
the internet... via my crappy moves}  21.Qh4 {Its  
not over till the fat lady farts, or was that 
sings}  1-0

[Event "HCL-A2604"]
[Site "www.playchess.de"]
[Date "2006.02.22"]
[Round "7"]
[White "RUDI"]
[Black "dynamike"]
[WhiteElo "1234"]
[BlackElo "1457"]
[PlyCount "50"]
[Result "0-1"]

1.c4 {Überraschung}  Nf6 {:-)}  2.d4 g6 3.Nc3 d5 
4.cxd5 Nxd5 5.Bd2 Bg7 6.e3 O-O 7.Bc4 c6 8.Nxd5 
cxd5 9.Bb3 e5 10.Bc3 Nc6 11.Ne2 Bg4 12.O-O exd4 
13.exd4 Qe7 14.f3 Be6 15.Ng3 Rad8 16.a3 h5 17.Re1 
h4 18.Ne2 Qf6 19.Bc2 h3 20.Ng3 hxg2 21.Qd2 Bh3 
22.b4 Qxf3 23.Re3 Qf4 24.Ne2 Qf1+ {Na das ist doch 
mal hübsch :-) Danke !}  25.Rxf1 {wie hätte doch 
der Dynamike gesagt: mit den 2 Bauern weniger 
hattest Du ja eh keine Chance mehr...}  gxf1Q+ 
{Stimmt genau :-) Ich spiele ab jetzt wieder in 
der B-Klasse :-(}  0-1

[Event "HCL-A2590"]
[Site "www.playchess.de"]
[Date "2006.02.22"]
[Round "3"]
[White "PhilipKaveny"]
[Black "dynamike"]
[WhiteElo "1396"]
[BlackElo "1442"]
[PlyCount "93"]
[Result "1/2-1/2"]

1.e4 c5 2.g3 Nc6 3.Bg2 {Hello my friend  I mean 
that}  Nf6 {Hi, how are you ?}  4.d3 {Pretty good 
I won a lot of games in a row}  d5 {Yes, of 
course, you are now playing in the a-class. 
Congratulations. I will go back to b-class soon 
:(}  5.exd5 {:(}  Nxd5 {Why :( I will go back not 
you :)}  6.Nf3 {You are tough I only have a win 
and draw against you}  Bg4 {pretty good, I hope I 
will hold the good statistic :)}  7.h3 {an a 
typical move for me}  Bh5 {... but not bad}  8.g4 
Bg6 9.Nc3 Nxc3 10.bxc3 e5 11.O-O Bd6 12.Re1 O-O 
13.d4 cxd4 14.cxd4 exd4 15.a3 Bc5 16.Ne5 Nxe5 
17.Rxe5 Qb6 18.Bf4 d3 19.cxd3 {An ol Chess 
expression "I have you right where you want me"}  
Bxf2+ {yes, that's true :)}  20.Kh2 Qd4 {you give 
me a chance with Bf4 and I have to use this now}  
21.Be4 {This is called the existential leap If 
lose I need to wait a bit to resign}  Bxe4 22.Rxe4 
{Maybe flop is a better word}  Qd7 {It is not lost 
for you ! One pawn isn't enough}  23.Qf3 {I was 
going  to win your pawn on B7. I have been playing 
well out of desparation}  Bb6 {yes, you were good 
playing and I wondered that you didnt take Bb7 
when I was playing Qb6}  24.Rae1 {I did not think 
I had the time}  Rae8 {yes, you have had the time. 
Analyze the game and you will see it.}  25.Qe2 
Rxe4 26.Qxe4 Bc7 27.Bxc7 Qxc7+ 28.Qe5 Qxe5+ 
29.Rxe5 {I wonder how this shakes out  In general 
I should not simplify > But it turns out I play a 
pretty good endgame}  Rd8 30.Re7 Rb8 31.d4 Kf8 
32.Rc7 a6 33.d5 {Banzi}  Rd8 34.Rxb7 {(offering 
draw) :(}  Rxd5 {perhaps in some moves...I think I 
will have a chance to win}  35.Rb3 {of course you 
do I was just trying to talk you out of it.}  a5 
{:-) good idea. In real life it would work}  
36.Kg2 {Chess is not real life}  Ke7 {But nearby 
:)}  37.Kf3 {Okay what I have learned is to not 
committ and centralize my king. I think your task 
is pretty clear}  a4 {My task is just winning :)}  
38.Re3+ Kd6 39.Rc3 Rd4 40.Ke3 Rd1 41.Rc4 Rh1 
42.Rxa4 Rxh3+ 43.Kf4 h5 44.Ra6+ {Very clever you  
are a pleasure to play}  Ke7 {I am not sure. 
Perhaps it is not clever.}  45.gxh5 Rxh5 46.Ra7+ 
{I may have a draw you do bring out my best}  Kf6 
{You said you dont like draws}  47.Ra6+ {(offering 
draw)}  1/2-1/2

[Event "HCL-A2599"]
[Site "www.playchess.de"]
[Date "2006.02.22"]
[Round "6"]
[White "dynamike"]
[Black "archship"]
[WhiteElo "1451"]
[BlackElo "1233"]
[PlyCount "92"]
[Result "0-1"]

1.e4 c5 2.Nf3 d6 3.d4 cxd4 4.Nxd4 a6 5.c4 Nf6 
6.Be2 Nxe4 7.O-O g6 8.Bf3 Nc5 9.b4 Ne6 10.Bb2 Nxd4 
11.Bxd4 e5 12.Bb2 Nc6 13.b5 axb5 14.cxb5 Ne7 
15.Nc3 Bg7 16.Qe2 O-O 17.Rad1 Nf5 18.a4 Nd4 19.Qe3 
Nxf3+ 20.Qxf3 Qe7 21.Rfe1 h5 22.Ba3 Bg4 23.Qe4 
Bxd1 24.Rxd1 Rfd8 25.Nd5 Qg5 26.Nb6 Ra7 27.h4 Qf4 
28.f3 Qxe4 29.fxe4 Bh6 30.Kf2 Bf8 31.Bb4 Be7 32.g3 
f6 33.a5 Kf7 34.Kf3 Ke6 35.g4 f5 36.exf5+ gxf5 
37.g5 e4+ 38.Kf4 d5 39.Bxe7 Kxe7 40.Kxf5 Rxa5 
41.Nxd5+ Kf7 42.g6+ Kg7 43.Kxe4 Rxb5 44.Rd4 Rbxd5 
45.Rxd5 Rxd5 46.Kxd5 Kxg6 0-1

[Event "HCL-C4049"]
[Site "www.playchess.de"]
[Date "2006.02.22"]
[Round "14"]
[White "Farquhart"]
[Black "ama49"]
[WhiteElo "515"]
[BlackElo "1188"]
[PlyCount "38"]
[Result "0-1"]

1.e4 e5 2.Nf3 Nc6 3.Nc3 Nf6 4.Bb5 Nd4 5.Nxd4 exd4 
6.Na4 c6 7.Be2 d6 8.c3 dxc3 9.bxc3 Nxe4 10.d3 Nf6 
11.h3 Qa5 12.Nb2 Qxc3+ 13.Bd2 Qxb2 14.g4 d5 15.Bf3 
Bb4 16.Rc1 Bxd2+ 17.Qxd2 Qxd2+ 18.Kxd2 O-O 19.Rhe1 
Bd7 0-1

[Event "HCL-A2586"]
[Site "www.playchess.de"]
[Date "2006.02.22"]
[Round "4"]
[White "victorabiodun03"]
[Black "dynamike"]
[WhiteElo "1357"]
[BlackElo "1431"]
[PlyCount "71"]
[Result "1-0"]

1.e4 c5 2.Nf3 Nc6 3.d4 cxd4 4.Nxd4 a6 5.Be2 Qc7 
6.Nc3 e6 7.O-O Nf6 8.Be3 b5 9.a3 Be7 10.Nb3 d6 
11.g4 Bb7 12.g5 Nd7 13.f4 O-O-O 14.Bf3 f6 15.f5 
fxg5 16.fxe6 Nc5 17.Nd5 Qb8 18.Nb6+ Kc7 19.Nxc5 
dxc5 20.Nd5+ Kc8 21.Qe1 Qd6 22.Qf2 h5 23.Rad1 Qe5 
24.Nxe7+ Nxe7 25.Bxc5 Qxe6 26.Bxe7 Qxe7 27.Qg2 g4 
28.Be2 Bxe4 29.Rxd8+ Rxd8 30.Qf2 Qg5 31.Qb6 Qg6 
32.Qxg6 Bxg6 33.c4 Rd2 34.Rf2 Rxb2 35.Bxg4+ hxg4 
36.Rxb2 1-0

[Event "HCL-A2588"]
[Site "www.playchess.de"]
[Date "2006.02.22"]
[Round "8"]
[White "victorabiodun03"]
[Black "dynamike"]
[WhiteElo "1378"]
[BlackElo "1442"]
[PlyCount "69"]
[Result "0-1"]

1.f4 d5 2.Nf3 c5 3.e3 Nc6 4.d4 Nf6 5.c3 a6 6.Bd3 
e6 7.O-O cxd4 8.exd4 Be7 9.Nbd2 Qc7 10.Ne5 O-O 
11.Qf3 b5 12.g4 Nxe5 13.dxe5 Ne8 14.g5 Bb7 
15.Bxh7+ Kxh7 16.Qh5+ Kg8 17.Rf3 g6 18.Qh6 Ng7 
19.Rh3 Nh5 20.Nf3 Bc5+ 21.Kf1 a5 22.Nh4 b4 23.Bd2 
Ba6+ 24.Kg2 Qb7 25.Nxg6 d4+ 26.Rf3 fxg6 27.Qxg6+ 
Ng7 28.Kg3 dxc3 29.bxc3 Be2 30.Raf1 Rf7 31.h4 Kf8 
32.h5 Ke7 33.h6 Nf5+ 34.Kg4 Bxf1 
35.Rxf1 0-1

[Event "HCL-C4187"]
[Site "www.playchess.de"]
[Date "2006.02.22"]
[Round "1"]
[White "gronico"]
[Black "nichju"]
[WhiteElo "1192"]
[BlackElo "1065"]
[PlyCount "55"]
[Result "1-0"]

1.e4 e5 2.Bc4 Nf6 3.Nc3 Bc5 4.Nf3 O-O 5.O-O d6 
6.d3 Bg4 7.h3 Bxf3 8.Qxf3 Nc6 9.Bg5 Nd4 10.Qd1 c6 
11.Ne2 Nxe2+ 12.Qxe2 h6 13.Bxf6 Qxf6 14.a3 b5 
15.Ba2 Bb6 16.c4 bxc4 17.Bxc4 Kh8 18.Rac1 Rac8 
19.b4 g5 20.Rc2 Bd4 21.Rfc1 Rfg8 22.Bb5 cxb5 
23.R2xc8 Rxc8 24.Rxc8+ Kg7 25.Qa2 Kg6 26.Rc6 Kh5 
27.Qe2+ Kh4 28.Qg4+ 1-0

[Event "HCL-B3880"]
[Site "www.playchess.de"]
[Date "2006.02.22"]
[Round "6"]
[White "AlekSmart"]
[Black "Ultimate"]
[WhiteElo "1500"]
[BlackElo "1375"]
[PlyCount "44"]
[Result "0-1"]

1.e4 e5 2.Nf3 Nc6 3.Nc3 Nf6 4.d4 exd4 5.Nxd4 Bb4 
6.f3 O-O 7.Nxc6 bxc6 8.Bd2 d5 9.Bd3 Bc5 10.Na4 
dxe4 11.Nxc5 exd3 12.cxd3 Re8+ 13.Kf2 Qd4+ 14.Kf1 
Ng4 15.fxg4 Bxg4 16.Qc2 Be2+ 17.Ke1 Bxd3+ 18.Kd1 
Bxc2+ 19.Kc1 Qxc5 20.Bc3 Re2 21.Rg1 Qxg1+ 22.Be1 
Qxe1+ 0-1

[Event "HCL-A2540"]
[Site "www.playchess.de"]
[Date "2006.02.22"]
[Round "18"]
[White "jjn2"]
[Black "sparpaket"]
[WhiteElo "1772"]
[BlackElo "1535"]
[PlyCount "57"]
[Result "1-0"]

1.d4 c5 {Hi}  2.d5 {Hi}  Nf6 3.Nf3 b5 4.e3 Bb7 
5.Bxb5 Nxd5 6.O-O e6 7.e4 Nf6 8.e5 Nd5 9.Na3 Be7 
10.Be2 O-O 11.Nb5 Qb6 12.c4 Nc7 13.Nd6 Nc6 14.b4 
Nxb4 15.Rb1 Qc6 16.a3 Nca6 17.Nxb7 Qxb7 18.axb4 
cxb4 19.Bg5 Bc5 20.Nd2 Rab8 21.Bd3 Rfc8 22.Bxh7+ 
Kxh7 23.Qh5+ Kg8 24.Rb3 d5 25.Rh3 f5 26.exf6 Bd4 
27.Qh8+ Kf7 28.Qxg7+ Ke8 29.Rh8+ 1-0

[Event "HCL-A2598"]
[Site "www.playchess.de"]
[Date "2006.02.22"]
[Round "13"]
[White "froilo"]
[Black "victorabiodun03"]
[WhiteElo "1463"]
[BlackElo "1378"]
[PlyCount "70"]
[Result "0-1"]

1.Nf3 Nf6 2.b3 g6 3.Bb2 Bg7 4.e4 d6 5.Be2 O-O 6.e5 
Ng4 7.d4 dxe5 8.dxe5 Qxd1+ 9.Bxd1 Nc6 10.Nbd2 
Ngxe5 11.Rb1 Bf5 12.O-O Rad8 13.a3 Rd7 14.b4 Rfd8 
15.Nxe5 Nxe5 16.Nb3 b6 17.h3 h5 18.Re1 Nc6 19.Bf3 
Nb8 20.Bxg7 Kxg7 21.g4 hxg4 22.Bxg4 e6 23.Rbc1 Nc6 
24.Kh2 Nd4 25.Nxd4 R7xd4 26.Kg3 R4d2 27.Re2 Rxe2 
28.Bxe2 Rd2 29.Bd3 Bxd3 30.cxd3 Rxd3+ 31.f3 Rxa3 
32.Rxc7 Ra4 33.Rb7 Rxb4 34.Rxa7 Rb1 35.Rb7 
b5 0-1

[Event "HCL-A2617"]
[Site "www.playchess.de"]
[Date "2006.02.22"]
[Round "24"]
[White "PhilipKaveny"]
[Black "victorabiodun03"]
[WhiteElo "1324"]
[BlackElo "1579"]
[PlyCount "52"]
[Result "0-1"]

1.e4 e6 2.d4 d5 3.e5 c5 4.Nf3 Qb6 5.Bd3 Nc6 6.O-O 
Bd7 7.c4 dxc4 8.Bxc4 cxd4 9.a3 Nge7 10.b4 a6 
11.Bb2 Nf5 12.g4 Nh6 13.Nxd4 Nxd4 14.Bxd4 Qd8 
15.f3 Be7 16.Qb3 O-O 17.Be3 Bg5 18.f4 {I enjoy 
playing you}  Be7 19.h3 Bc6 20.Nc3 b5 21.Be2 Rc8 
22.f5 Bg5 23.Bxg5 Qxg5 24.fxe6 Qe3+ 25.Kh2 Qxe5+ 
26.Kg1 {(offering draw)}  Qg3+ {Nice joke,you are 
just cracking me up now.}  0-1

[Event "HCL-E1567"]
[Site "www.playchess.de"]
[Date "2006.02.22"]
[Round "10"]
[White "Chuck_Ventimiglia"]
[Black "Maccdavid"]
[WhiteElo "2000"]
[BlackElo "1628"]
[PlyCount "53"]
[Result "1-0"]

1.e4 {Hello and nice to meet you!!}  e5 {Thankyou 
and same to you}  2.f4 exf4 3.Nf3 g5 4.Bc4 Bg7 
5.O-O h6 6.d4 d6 7.c3 Nc6 8.Qa4 Bd7 9.Qb3 Qe7 
10.Qxb7 Rb8 11.Qa6 g4 12.Nfd2 Rb6 13.Qa3 g3 
14.hxg3 fxg3 15.Rxf7 Qh4 {Usually mess up when I 
don't set it up on a proper board!}  16.Nf3 Qxe4 
17.Rxg7 Be6 18.Nbd2 Qe3+ 19.Kh1 Bxc4 20.Nxc4 Qd3 
21.Bf4 Qxc4 22.Rxc7 Nge7 23.Qxd6 O-O 24.Bxh6 Rxf3 
25.gxf3 g2+ 26.Kg1 Qd3 27.Qf6 1-0

[Event "HCL-C4182"]
[Site "www.playchess.de"]
[Date "2006.02.22"]
[Round "10"]
[White "ivofle"]
[Black "nichju"]
[WhiteElo "807"]
[BlackElo "1060"]
[PlyCount "37"]
[Result "1-0"]

1.e4 e5 2.a3 Nf6 3.Nc3 d5 4.exd5 Nxd5 5.Nxd5 Qxd5 
6.Bd3 Qxg2 7.Bf1 Qxh1 8.Bd3 Qxg1+ 9.Bf1 Bh3 10.Ke2 
Qg4+ 11.f3 Bxf1+ 12.Qxf1 Qc4+ 13.d3 Qxc2+ 14.Bd2 
Bc5 15.b4 Bd4 16.h4 Bxa1 17.Qxa1 O-O 18.Qxe5 Re8 
19.Qxe8+ 1-0

[Event "HCL-A2572"]
[Site "www.playchess.de"]
[Date "2006.02.22"]
[Round "5"]
[White "gridguy"]
[Black "schlueter"]
[WhiteElo "1743"]
[BlackElo "1595"]
[PlyCount "97"]
[Result "1-0"]

1.d4 Nf6 2.c4 {Hello from Seattle. Good luck in 
this tournament.}  e5 {Hi from Mölln / near 
Hamburg. Good luck.}  3.dxe5 Ng4 4.Nf3 Bc5 5.e3 
Nc6 6.Nc3 Ngxe5 7.Nxe5 Nxe5 8.Be2 O-O 9.O-O a5 
10.a3 d6 11.b3 Be6 12.Bb2 Qc8 13.Ne4 Nc6 14.Ra2 
Bf5 15.Nxc5 dxc5 16.Bf3 Qe6 17.Bc3 Rad8 18.Rd2 
Rxd2 19.Qxd2 Rd8 20.Qb2 Be4 21.Bxe4 Qxe4 22.Bxg7 
Qg6 23.Bc3 b6 24.h3 h5 25.f4 f5 26.Be1 Qe6 27.Rf3 
Kh7 28.Rg3 Rg8 29.Rxg8 Kxg8 30.Qf2 Kh7 31.Qf3 Kh6 
32.Qg3 Qg6 33.Qxg6+ Kxg6 34.a4 Ne7 35.Kh2 Nc8 
36.Kg3 Nd6 37.Kh4 Ne4 {(offering draw)}  38.g4 
{Yes, it's probably a draw, but let's play a few 
more moves and see if something gives.}  fxg4 
39.hxg4 hxg4 40.Kxg4 Nf6+ 41.Kf3 Kf5 42.Bh4 Ne4 
43.Ke2 c6 44.Bd8 b5 45.Bxa5 bxc4 46.bxc4 Nd6 
47.Kd3 Ne4 48.Be1 Nf6 49.a5 1-0

[Event "HCL-A2628"]
[Site "www.playchess.de"]
[Date "2006.02.22"]
[Round "6"]
[White "victorabiodun03"]
[Black "grannialex"]
[WhiteElo "1576"]
[BlackElo "1800"]
[PlyCount "29"]
[Result "1/2-1/2"]

1.f4 d5 2.Nf3 g6 3.d4 Bg7 4.e3 Bg4 5.Bd3 Nf6 
6.Nbd2 O-O 7.O-O Nbd7 8.c3 c5 9.Qe1 cxd4 10.exd4 
Bxf3 11.Rxf3 e6 12.Rf1 Ne8 13.Nf3 Nd6 14.Ne5 Nf6 
15.Kh1 {(offering draw)}  1/2-1/2

[Event "HCL-B3819"]
[Site "www.playchess.de"]
[Date "2006.02.23"]
[Round "14"]
[White "Alex77"]
[Black "taroak"]
[WhiteElo "1396"]
[BlackElo "1506"]
[PlyCount "43"]
[Result "1-0"]

1.e4 {Hi!}  c5 2.Nf3 g6 3.d4 cxd4 4.Nxd4 Nc6 5.Nc3 
Bg7 6.Be3 Nf6 7.Be2 O-O 8.Qd2 Nb4 9.O-O-O d5 
10.exd5 Nfxd5 11.Nxd5 Nxd5 12.Bh6 Bxh6 13.Qxh6 Qa5 
14.Nb3 Qxa2 15.Rxd5 Be6 16.Ra5 Rfc8 17.Rxa2 Bxb3 
18.Ra3 Bxc2 19.Kd2 Rc6 20.Rc3 Rxc3 21.bxc3 Bf5 
22.h4 1-0

[Event "HCL-A2621"]
[Site "www.playchess.de"]
[Date "2006.02.23"]
[Round "16"]
[White "victorabiodun03"]
[Black "PhilipKaveny"]
[WhiteElo "1579"]
[BlackElo "1324"]
[PlyCount "67"]
[Result "1-0"]

1.f4 e5 2.fxe5 Be7 3.Nf3 Nc6 4.e3 d5 5.exd6 Bxd6 
6.d4 Bg4 7.c3 Nf6 8.Bd3 Qe7 9.O-O h5 10.Qe2 O-O-O 
11.e4 Bxf3 12.Qxf3 Bxh2+ 13.Kxh2 Ng4+ 14.Kg1 Kb8 
15.Bf4 f6 16.Nd2 g5 17.Bg3 h4 18.Qxg4 hxg3 19.Qxg3 
Qh7 20.Rae1 Rdf8 21.b4 Ne7 22.a4 f5 23.exf5 Qh1+ 
24.Kf2 Qh7 25.Qg4 Ng6 26.Ke2 Nf4+ 27.Rxf4 gxf4 
28.Qxf4 Qh5+ 29.Nf3 Rhg8 30.Kf2 Rg4 31.Qe5 Rc8 
32.f6 Qf7 33.Bf5 Qa2+ 34.Re2 1-0

[Event "HCL-C4059"]
[Site "www.playchess.de"]
[Date "2006.02.23"]
[Round "3"]
[White "Bo"]
[Black "Ezekiel283"]
[WhiteElo "800"]
[BlackElo "800"]
[PlyCount "23"]
[Result "1-0"]

1.Nf3 d5 2.d4 c5 3.Bg5 f6 4.Bf4 Bg4 5.e3 Nc6 6.Nc3 
cxd4 7.exd4 e5 8.h3 Bxf3 9.gxf3 exf4 10.a4 a6 
11.Bd3 Nxd4 12.O-O 1-0

[Event "HCL-M844"]
[Site "www.playchess.de"]
[Date "2006.02.23"]
[Round "24"]
[White "ABE"]
[Black "DeepFrank"]
[WhiteElo "1646"]
[BlackElo "2097"]
[PlyCount "58"]
[Result "0-1"]

1.d4 {hi and good luck}  d5 {hi and good game!}  
2.c4 e6 3.Nc3 c6 4.e4 dxe4 5.Nxe4 Bb4+ 6.Nc3 c5 
7.Nf3 Nf6 8.Bg5 cxd4 9.Qxd4 Qxd4 10.Nxd4 Bxc3+ 
11.bxc3 a6 12.Bxf6 gxf6 13.Bd3 Nd7 14.O-O b6 
15.Be4 Ra7 16.Rab1 Rc7 17.Bc6 e5 18.Bxd7+ Kxd7 
19.Ne2 Kc6 20.f3 Rd8 21.Rfd1 Rxd1+ 22.Rxd1 Be6 
23.Ng3 Bxc4 24.Ne4 f5 25.Nf6 Bxa2 26.Nxh7 a5 
27.Ra1 Bb3 28.Ra3 a4 29.Nf6 Kb5 0-1

[Event "HCL-M844"]
[Site "www.playchess.de"]
[Date "2006.02.23"]
[Round "3"]
[White "Munny"]
[Black "ABE"]
[WhiteElo "1767"]
[BlackElo "1646"]
[PlyCount "54"]
[Result "0-1"]

1.e4 {Hello and good luck!}  e5 {Same to you}  
2.Nf3 Nc6 3.Bc4 d6 4.d4 exd4 5.c3 Bg4 6.cxd4 Nf6 
7.Qb3 Qd7 8.Bb5 Bxf3 9.Qxf3 a6 10.Bxc6 Qxc6 11.Nc3 
Qc4 12.e5 dxe5 13.dxe5 Nd7 14.Bf4 Nc5 15.O-O-O Be7 
16.Kb1 O-O 17.Qg3 g6 18.h4 Rfd8 19.h5 Ne4 20.Nxe4 
Qxe4+ 21.Ka1 Rxd1+ 22.Rxd1 Qe2 23.Rh1 Rd8 24.a3 
Rd3 25.Be3 Bxa3 26.bxa3 Rxa3+ 27.Kb1 
Ra2 0-1

[Event "HCL-A2609"]
[Site "www.playchess.de"]
[Date "2006.02.23"]
[Round "1"]
[White "archship"]
[Black "hal1958"]
[WhiteElo "1273"]
[BlackElo "1431"]
[PlyCount "99"]
[Result "1/2-1/2"]

1.e4 d6 {have a nice game}  2.d4 Nf6 3.Nc3 g6 
4.Nf3 a6 5.e5 dxe5 6.dxe5 Qxd1+ 7.Nxd1 Nd5 8.Ne3 
Nxe3 9.Bxe3 Bg7 10.Bd3 O-O 11.O-O-O Bg4 12.Be2 Nc6 
13.h3 Bxf3 14.Bxf3 Bxe5 15.g4 Rfd8 16.Bh6 f6 
17.Bd5+ Kh8 18.Bf7 g5 19.h4 Bf4+ 20.Kb1 Ne5 21.Bh5 
Rd6 22.Rxd6 cxd6 23.hxg5 fxg5 24.Re1 Rc8 25.a4 Rc7 
26.b3 b5 27.Re4 Kg8 28.axb5 axb5 29.Rb4 Ng6 
30.Rxb5 e5 31.Rb8+ Kf7 32.Bxg6+ Kxg6 33.Bf8 d5 
34.Rb6+ Kf7 35.Bd6 Rd7 36.Bc5 d4 37.Rd6 Rxd6 
38.Bxd6 Ke6 39.Bb4 e4 40.c3 dxc3 41.Bxc3 e3 
42.fxe3 Bxe3 43.Kc2 Kd5 44.Kd3 Bf4 45.b4 Bc1 
46.Bd2 Ba3 47.b5 Be7 48.Be3 Bf6 49.Ba7 Be5 50.Be3 
{(offering draw)}  1/2-1/2

[Event "ACL-A612"]
[Site "www.playchess.de"]
[Date "2006.02.23"]
[Round "4"]
[White "knightwiz"]
[Black "docjan"]
[WhiteElo "1763"]
[BlackElo "1500"]
[PlyCount "76"]
[Result "0-1"]

1.e4 e5 2.Nf3 Nc6 3.Bb5 a6 4.Bxc6 dxc6 5.O-O 
{Merry Christmas and a happy New Year}  Bg4 {same 
to you !}  6.h3 h5 7.d3 Qf6 8.Nbd2 g5 9.c3 Be6 
10.d4 g4 11.Nxe5 gxh3 12.g3 Qg7 13.Ndf3 h4 14.Bf4 
hxg3 15.fxg3 f6 16.Nd3 O-O-O 17.Qe2 Re8 18.Nh2 Nh6 
19.b3 Bd5 20.Nf2 f5 21.Qh5 Bd6 22.e5 Be7 23.c4 
Ref8 24.Qe2 Bg2 25.Rfe1 Nf7 26.e6 Ng5 27.Rad1 Ne4 
28.Be5 Bf6 29.Qe3 c5 30.e7 Qxe7 31.Bxf6 Qxf6 
32.dxc5 Rhg8 33.c6 Qxc6 34.Nxe4 Bxe4 35.Rd4 Qf6 
36.Rd2 Kb8 37.Nf1 f4 38.Qxe4 fxg3 0-1

[Event "HCL-M864"]
[Site "www.playchess.de"]
[Date "2006.02.23"]
[Round "7"]
[White "Nigel"]
[Black "TealBeatle"]
[WhiteElo "2126"]
[BlackElo "1944"]
[PlyCount "74"]
[Result "0-1"]

1.e4 {Hi,have a good game.}  c5 {Hi :) Bedst of 
luck and a gg}  2.Nf3 d6 3.d4 cxd4 4.Nxd4 Nf6 
5.Nc3 Nc6 6.Bb5 Bd7 7.O-O e6 8.Nxc6 bxc6 9.Ba4 Be7 
10.Bf4 Qb8 11.Bb3 O-O 12.Re1 e5 13.Bg5 h6 14.Bh4 
Qb4 15.Qe2 Rab8 16.Rad1 g5 17.Bg3 Qc5 {A Great 
chess year 2006!}  18.h4 Bg4 19.Qd2 {I missed your 
message and thought my move 15 was Qd1-d2(not 
e2).Happy New Year, you are winning now.}  Bxd1 
{Thank you and yes i think i have a good chance to 
get the match.}  20.Qxd1 g4 21.h5 Kh8 22.Bh4 Rfg8 
23.Re3 Rbf8 24.Rd3 g3 25.Bxg3 Rg4 26.Qd2 Kg7 
27.Qd1 Rg8 28.Na4 Qb4 29.Nc3 Kf8 30.a3 Qb6 31.Kh2 
R8g5 32.Rf3 Rxh5+ 33.Kg1 Rhg5 34.Rxf6 Bxf6 
35.Qxd6+ Be7 36.Qxh6+ Kg8 37.Ne2 
Qd8 0-1

[Event "HCL-B3786"]
[Site "www.playchess.de"]
[Date "2006.02.23"]
[Round "1"]
[White "Sarek7"]
[Black "Gorky"]
[WhiteElo "1150"]
[BlackElo "1200"]
[PlyCount "64"]
[Result "0-1"]

1.e4 c5 2.Nf3 Nc6 3.d4 cxd4 4.Nxd4 e5 5.Nb5 Nf6 
6.N1c3 Bb4 7.Nd6+ Ke7 8.Nxc8+ Rxc8 9.Bd2 Re8 
10.Bc4 Nd4 11.Bg5 Bxc3+ 12.bxc3 Rxc4 13.cxd4 Qa5+ 
14.Bd2 Qa4 15.c3 Nxe4 16.O-O Qxd1 17.Rfxd1 Nxd2 
18.Rxd2 exd4 19.Re1+ Kf8 20.Rxe8+ Kxe8 21.cxd4 Ke7 
22.g3 g6 23.Kf1 f5 24.f4 a6 25.Ke2 Kd6 26.Kd3 Kd5 
27.Ke3 b5 28.h4 Rc3+ 29.Kf2 a5 30.Ke2 b4 31.Kd1 
Rxg3 32.Kc2 Rg4 0-1

[Event "HCL-B3863"]
[Site "www.playchess.de"]
[Date "2006.02.23"]
[Round "7"]
[White "chessworm"]
[Black "Sarek7"]
[WhiteElo "1500"]
[BlackElo "1150"]
[PlyCount "51"]
[Result "1-0"]

1.d4 {Good Luck}  e6 2.c4 b6 3.Nf3 Bb7 4.Nc3 Bb4 
5.a3 Bxc3+ 6.bxc3 Ne7 7.Qc2 c5 8.e4 Ng6 9.d5 exd5 
10.cxd5 d6 11.Bb5+ Nd7 12.c4 O-O 13.Bb2 a6 14.Bxd7 
Qxd7 15.O-O b5 16.Rfe1 bxc4 17.Qxc4 Ne5 18.Nxe5 
dxe5 19.Bxe5 Rfe8 20.Bc3 Rac8 21.Rad1 f6 22.f4 Qf7 
23.g3 Qh5 24.d6+ Bd5 25.Rxd5 Qf7 
26.d7 1-0

[Event "HCL-B3847"]
[Site "www.playchess.de"]
[Date "2006.02.23"]
[Round "2"]
[White "ChessMonster"]
[Black "xmen"]
[WhiteElo "1500"]
[BlackElo "1463"]
[PlyCount "78"]
[Result "0-1"]

1.e4 g6 2.d4 Bg7 3.Nf3 d6 4.Nc3 Nf6 5.Bc4 O-O 
6.Bf4 Nh5 7.Qd2 Nxf4 8.Qxf4 h6 9.O-O-O a6 10.Rhe1 
b5 11.Bd5 c6 12.Bb3 a5 13.e5 a4 14.Qh4 axb3 
15.exd6 bxa2 16.Nxa2 Qxd6 17.Nc3 Ra1+ 18.Kd2 Rxd1+ 
19.Nxd1 Be6 20.Ne5 c5 21.c3 cxd4 22.cxd4 Nc6 
23.Nxc6 Qxc6 24.Re4 Bf5 25.Rxe7 Rd8 26.Ke1 Re8 
27.Re2 Rxe2+ 28.Kxe2 Qc4+ 29.Ke1 Qxd4 30.Qe7 Qe4+ 
31.Qxe4 Bxe4 32.f3 Bc2 33.Ne3 Ba4 34.Nd5 Bxb2 
35.Ke2 f5 36.Ne7+ Kf7 37.Nc8 Bd4 38.Nb6 Bxb6 
39.Kd3 Ke6 0-1

[Event "HCL-M889"]
[Site "www.playchess.de"]
[Date "2006.02.23"]
[Round "7"]
[White "RSoares"]
[Black "raichu"]
[WhiteElo "1507"]
[BlackElo "1656"]
[PlyCount "65"]
[Result "1-0"]

1.e4 {Hello. Have a good game.}  c5 2.Nf3 d6 3.d4 
cxd4 4.Nxd4 Nf6 5.Nc3 e6 6.g4 h6 7.g5 hxg5 8.Bxg5 
Be7 9.Qd2 a6 10.O-O-O Qc7 11.f4 e5 12.fxe5 dxe5 
13.Nf5 Bxf5 14.exf5 Nbd7 15.Bg2 O-O-O 16.Nd5 Nxd5 
17.Bxd5 Nf6 18.Bxf6 Bxf6 19.Qg2 Rd7 20.h4 Kb8 
21.h5 Re8 22.h6 e4 23.h7 Qe5 24.Qh2 g6 25.Qxe5+ 
Bxe5 26.fxg6 fxg6 27.Bxe4 Rxd1+ 28.Rxd1 g5 29.Rd5 
Bf6 30.Rf5 Bh8 31.Rxg5 b6 32.Rg8 Rc8 
33.Bf5 1-0

[Event "HCL-M890"]
[Site "www.playchess.de"]
[Date "2006.02.23"]
[Round "12"]
[White "PaulH"]
[Black "Eyechess"]
[WhiteElo "2031"]
[BlackElo "2026"]
[PlyCount "26"]
[Result "0-1"]

1.d4 Nf6 {Greetings}  2.c4 c5 3.d5 b5 4.cxb5 a6 
5.f3 axb5 6.e4 Qa5+ 7.Bd2 b4 8.Na3 d6 9.Nc4 Qd8 
10.a3 bxa3 11.Rxa3 Rxa3 12.bxa3 Ba6 13.Qa4+ 
Qd7 0-1

[Event "HCL-B3774"]
[Site "www.playchess.de"]
[Date "2006.02.23"]
[Round "15"]
[White "Wilmy"]
[Black "GMO"]
[WhiteElo "1217"]
[BlackElo "1312"]
[PlyCount "109"]
[Result "1-0"]

1.e4 e5 2.Nf3 d6 3.Bc4 h6 4.d4 exd4 5.Qxd4 Nc6 
6.Qc3 Nf6 7.O-O Be7 8.Na3 O-O 9.Bf4 a6 10.Rad1 
Nxe4 11.Qe3 Ng5 12.Nd4 Nxd4 13.Rxd4 b5 14.Bd5 Rb8 
15.c3 Bf6 16.Rd2 Re8 17.Qg3 Be6 18.Bc6 Bd7 19.Bxd7 
Qxd7 20.f3 Kh8 21.Nc2 Be5 22.Bxe5 Qe6 23.Bf4 Qg6 
24.Nd4 Rba8 25.h4 Nh7 26.Nc6 Qxg3 27.Bxg3 Nf6 
28.Re1 Rxe1+ 29.Bxe1 Re8 30.Bg3 Nh5 31.Bf2 Nf4 
32.Nb4 a5 33.Nc6 a4 34.g3 Nh3+ 35.Kg2 Nxf2 36.Rxf2 
Kh7 37.Nd4 Rb8 38.Re2 c5 39.Nf5 d5 40.Re5 d4 
41.Rxc5 dxc3 42.bxc3 b4 43.cxb4 Rxb4 44.Rc2 a3 
45.Ne3 Rb2 46.Kf2 Kg6 47.f4 Kh5 48.Kf3 Kg6 49.g4 
Kh7 50.h5 g6 51.hxg6+ fxg6 52.Ke4 Rb7 53.Rc3 Ra7 
54.Nc4 Rc7 55.Kd5 1-0

[Event "HCL-A2586"]
[Site "www.playchess.de"]
[Date "2006.02.23"]
[Round "24"]
[White "Crusaders"]
[Black "RUDI"]
[WhiteElo "1781"]
[BlackElo "1258"]
[PlyCount "59"]
[Result "1-0"]

1.e4 {Hallo ! wünsche eine spannende Partie ! Gruß 
Dirk}  e5 {Hi Dirk,
ja das machen wir! Gruß,  Rudi}  2.Ne2 Nf6 3.f4 
Nc6 4.Nbc3 Bb4 5.a3 d6 6.axb4 Nxb4 {da hab ich gar 
nicht aufgepasst...}  7.g3 {und ich habe dedacht 
das ist eine Falle}  O-O {klar, für mich!}  8.d3 
{Anderes hätte ich natürlich auch nicht erwartet}  
b6 9.Bg2 Bg4 10.O-O Qd7 11.Bf3 Bxf3 12.Rxf3 a5 
13.fxe5 dxe5 14.Kg2 Nc6 15.Bg5 Rad8 16.Bxf6 gxf6 
17.Rxf6 Ne7 18.Qd2 Kh8 19.Raf1 Ng6 20.Qh6 c6 21.h4 
b5 22.h5 Nf4+ 23.Nxf4 exf4 24.Qxf4 Qd4 25.Rxf7 
Rxf7 26.Qxf7 Qd6 27.Rf6 Qd7 28.Qxd7 Rxd7 29.Rxc6 
b4 30.Nd5 1-0